000 00795nam a22002297a 4500
999 _c2946
_d2946
003 AR-CdUCM
008 190305b ||||| |||| 00| 0 spa d
040 _aMUNICIPALIDAD PROVINCIAL DEL CUSCO
_cBIBLIOTECA MUNICIPAL DEL CUSCO
082 _22ed.
_a370.4 /
_bW48
100 _aWerner, David
_910097
245 _aAprendiendo a promover la salud /
260 _aCusco :
_bCBC,
_c1997.
300 _a622 páginas ;
_c24 cm.
440 _aCuaderno de capacitación campesina
_n31
_910098
505 _aEnfoques y planes -- Reflexiones sobre el aprendizaje y la enseñanza -- Sobre el cambio de hábitos y actitudes...
650 _aSalud.
_98684
650 _aCampesino.
_910099
650 _aDesarrollo.
_92021
700 _aBower, Bill
_910100
942 _2ddc
_cLIBROS
945 _awfj
_d2019-03-05